00389nam a2200157Ia 4500003000400000008004100004040001600045082001300061100001700074245003900091260003000130300001000160490002400170650001500194650002200209GCL140319s9999 xx 000 0 eng d aGCL / cGCL04a843bL C1 aSAND, GEORGE10aLA MARE AU DIABLE / cSAND, GEORGE a[S.N] : bFOLIO ، c1995 a250 P aCOLLECTION FOLIOv004aLITERATURE04aFRENCH LITERATURE